000
00311nam a22001337a 4500
008
181224b xxu||||| |||| 00| 0 eng d
020
_a
9781138916050
041
_a
eng
080
_a
339.9
100
_a
59
101
_a
ECO
245
_a
Pitch Tweet Or Engage On The Street
_c
Alaimo.K
942
_2
udc
_c
BK
999
_c
53737
_d
53737